Normal view MARC view
  • Wakale, L. P

Entry Personal Name

Number of records used in: 2

001 - CONTROL NUMBER

  • control field: 62154

003 - CONTROL NUMBER IDENTIFIER

  • control field: OSt

005 - DATE AND TIME OF LATEST TRANSACTION

  • control field: 20220806110536.0

008 - FIXED-LENGTH DATA ELEMENTS

  • fixed length control field: 220806|| aca||aabn | a|a d

040 ## - CATALOGING SOURCE

  • Original cataloging agency: OSt
  • Transcribing agency: OSt

100 ## - HEADING--PERSONAL NAME

  • Personal name: Wakale, L. P

670 ## - SOURCE DATA FOUND

  • Source citation: Work cat.: (OSt)35393: Wakale, L. P., Income Tax : Procedure & Practice 2013-2014, 2012